Vnitropodnikové účetnictví v řízení podniku

Gespeichert in:
Bibliographische Detailangaben
1. Verfasser: Foitl, Ján
Format: Buch
Sprache:Tschechisch
Veröffentlicht: Praha Státní nakladatelství technické literatury 1969
Tags: Tag hinzufügen
Keine Tags, Fügen Sie das erste Tag hinzu!

MARC

LEADER 00000nam a2200000 4500
001 c122448
005 20221207071056.8
041 0 |a cze 
044 |a CZ 
245 1 0 |a Vnitropodnikové účetnictví v řízení podniku  |c Ján Foitl 
264 1 |a Praha  |b Státní nakladatelství technické literatury  |c 1969 
300 |a 192 s. 
100 1 |a Foitl, Ján